00639nam a2200205 a 4500001001300000003000900013005001700022008004100039020002300080082001600103100001900119245007300138260005200211300000900263500003500272505003100307650004000338650003600378700001900414nice12345678IN_TiNIC20260116013750.0050524s1996 bera grp 000 0 eng  a0520003 c44100a965.05bMAL aMalley, Robert aCall from Algeriab Third Worldism, Revelation and the Turn to Islam aBerkeleybUniversity of California Press c1996 a323p aincludes index and biblioraphy2 aNotes, Bibliography, Index aReligious Fundament-Islamic-Algeria aAlgeria-Politics and Government1 aMalley, Robert